Record Champions of Leagues around the World - Statistics

General Stats
  • This quiz has been taken 23 times
  • The average score is 17 of 26
Answer Stats
League Team % Correct
Netherlands (Eredivisie) Ajax Amsterdam
100%
Germany (Bundesliga) Bayern Munich
100%
France (Ligue 1) Paris Saint-Germain
100%
Spain (La Liga) Real Madrid
100%
Italy (Serie A) Juventus
95%
Great Britain (Premier League) Manchester United
95%
Portugal (Primeira Liga) Benfica
90%
Scotland (Scottish Premiership) Celtic Glasgow
90%
Sweden (Allsvenskan) Malmö FF
86%
Turkey (Süper Lig) Galatasaray
76%
Austria (Austrian Bundesliga) Rapid Wien
76%
Belgium (Pro League) RSC Anderlecht
76%
Denmark (Superliga) FC Copenhagen / Kjøbenhavns Boldklub
67%
Greece (Greek Super League) Olympiacos
67%
United States (MLS) LA Galaxy
62%
Argentina (Primera Division) River Plate
62%
Poland (Ekstraklasa) Legia Warsaw
52%
Russia (Russian Premier League) Spartak Moscow
52%
Norway (Eliteserien) Rosenborg
43%
Ukraine (Ukrainian Premier League) Dynamo Kyiv
38%
Romania (Liga I) Steaua București
38%
Mexico (Liga MX) América
33%
Czech Republic (Czech First League) Sparta Prague
33%
Switzerland (Swiss Super League) Grasshopper
24%
Brazil (Brasileiro) Palmeiras
19%
Ireland (SSE Airtricity League) Shamrock Rovers
19%
No matching quizzes found
Score Distribution
Percent of People with Each Score
Percentile by Number Answered
Your Score History
You have not taken this quiz